Statistiken für FC Liverpool Kader 2023/24

Klicken Sie hier um das Quiz zu spielen!

Allgemein

  • Dieses Quiz wurde 144 mal gespielt
  • Das Durchschnittsergebnis liegt bei 17 aus 26

Antwortstatistiken

NummerSpieler% Korrekt
1Alisson
98%
4Virgil van Dijk
96%
11Mohamed Salah
96%
9Darwin Núñez
91%
26Andrew Robertson
89%
66Trent Alexander-Arnold
87%
7Luis Diaz
86%
32Joel Matip
78%
20Diogo Jota
77%
10Alexis Mac Allister
76%
2Joe Gomez
74%
5Ibrahima Konate
73%
8Dominik Szoboszlai
69%
3Wataru Endo
68%
6Thiago
66%
18Cody Gakpo
64%
21Konstantinos Tsimikas
60%
19Harvey Elliott
60%
17Curtis Jones
59%
62Kevin Kelleher
57%
38Ryan Gravenberch
56%
13Adrian
50%
78Jarell Quansah
30%
50Ben Doak
25%
43Stefan Bajcetic
22%
84Conor Bradley
21%

Verteilung der Resultate

Perzentil nach korrekt beantworteten Fragen

Anzahl Personen mit jedem Resultat

Ihre Resultats-Entwicklung

Sie haben dieses Quiz noch nicht gespielt